| 000 | 00592cam a2200169 i 4500 | ||
|---|---|---|---|
| 005 | 20251108172451.0 | ||
| 008 | 250721s9999 ua gr 000 0 ara d | ||
| 082 | 1 | 4 |
_a025.42 _bب ن ه |
| 100 | 1 |
_aالبنهاوي، محمد أمين _eمؤلف. |
|
| 245 | 1 | 2 |
_aالتصنيف العملي للمكتبات / _cد. محمد أمين البنهاوى. |
| 264 | 1 |
_aالقاهرة : _bالعربي للنشر والتوزيع، |
|
| 300 | _a158صفحة. | ||
| 650 | 1 | 7 | _aالتصنيف (مكتبات). |
| 650 | 1 | 7 | _aعلم المكتبات. |
| 942 |
_2ddc _cBK |
||
| 999 |
_c80060 _d80060 |
||